000 00680nam a2200253Ia 4500
001 dia_2709
003 CHAP
005 20230509123519.0
008 220117s xx 000 0 und d
010 _a173227
040 _cCHAP
082 _a664.02 E37
100 _aEarle, R. L.
_934989
245 _aUnit Operations in Food Processing, /
_c R. L. Earle
250 _a2A. ed.
260 _aNew york, Pergamon Press
_c
300 _a207P.
650 _aAlimentos
_xindustria
_94227
650 _aAlimentos
_xproceso
_9153388
901 _a664.02 E37
902 _aM
905 _a000000 1983 NEW 0000000000ING00
942 _cLIBRO
_2ddc
999 _c173227
_d173227